000 01227na a2200301 4500
001 22886
003 MIRAKIL
005 20181213154932.0
008 170302b tu 000 0
040 _aMilas
_btur
_cTR-AnCHP
041 _atur
082 _aCHP 324.9
_bÇ25e [2011]
090 _aCHP 324.9 Ç25e [2011]
100 _aÇam, Musa
245 _aEmek ve demokrasi mücadelesinde CHP ile 40 yıl
_cMusa Çam
246 _aSeçim sonuçları karşılaştırmaları ve değerlendirmeleri, Türkiye
260 _a[y.y.]
_b[yayl.y.]
_c[2011]
_fManisa Ofset
300 _a199 s.
_bfotğ. ; tbl. ; grf.
_c19x28 sm.
500 _aDış kapak yapıt adı: Emek ve demokrasi mücadelesinde CHP ile 1971'den 2011'e : seçim sonuçları karşılaştırmaları ve değerlendirmeleri : Türkiye
500 _aYapıt yazarından imzalıdır.
610 _aCHP
_xTarih
610 _aCHP
_xSeçim sonuçları
_yDeğerlendirmeler
650 _aSeçim sonuçları
_xTarih
_yKarşılaştırma
650 _aSeçimler
_xTarih
_y1971-2008
_zTürkiye
740 _aSeçim sonuçları karşılaştırmaları ve değerlendirmeleri : Türkiye
740 _aEmek ve demokrasi mücadelesinde CHP ile 1971'den 2011'e
942 _2dcc
_cBKS
999 _c3459
_d3459